Historia de Ibiza. (Record no. 189745)

MARC details
000 -LEADER
campo de control de longitud fija 00551nam a2200169 i 4500
001 - NÚMERO DE CONTROL
campo de control 189745
003 - IDENTIFICADOR DE NÚMERO DE CONTROL
campo de control ES-MaACL
005 - FECHA Y HORA DE LA ÚLTIMA TRANSACCIÓN
campo de control 20251017063116.0
008 - DATOS DE LONGITUD FIJA--INFORMACIÓN GENERAL
campo de control de longitud fija 191008s1954 sp |||| | spa d
100 1# - ENTRADA PRINCIPAL--NOMBRE DE PERSONA
Nombre de persona Macabich Llobet, Isidoro,
Fechas asociadas al nombre 1883-1973
9 (RLIN) 75047
245 10 - MENCIÓN DEL TÍTULO
Título Historia de Ibiza.
Número de parte o sección de la obra VIII,
Nombre de parte o sección de la obra Crónicas, S. XIX /
Mención de responsabilidad, etc. Isidoro Macabich Llobet.
260 ## - PUBLICACIÓN, DISTRIBUCIÓN, ETC.
Lugar de publicación, distribución, etc. Palma de Mallorca :
Nombre del editor, distribuidor, etc. [s.n.],
Fecha de publicación, distribución, etc. 1954 (
Fabricante Imp. Alfa)
300 ## - DESCRIPCIÓN FÍSICA
Extensión 1 v. ;
Dimensiones 25 cm.
651 #4 - PUNTO DE ACCESO ADICIONAL DE MATERIA--NOMBRE GEOGRÁFICO
Nombre geográfico Ibiza (Isla)-
Subdivisión general Historia.
9 (RLIN) 168491
852 ## - LOCALIZACIÓN
Ubicación ES-MaACL
Número de control de estantería P-931
Holdings
Estatus retirado Estado de pérdida Estado de daño No para préstamo Biblioteca de origen Biblioteca actual Ubicación en estantería Fecha de adquisición Fuente de adquisición Total de préstamos Signatura topográfica completa Código de barras Visto por última vez Precio de reemplazo Tipo de ítem Koha
        Biblioteca del Ateneo de Madrid Biblioteca del Ateneo de Madrid Depósito 2 08/10/2019     P-931 1201182 23/02/2023 23/02/2023 Libro impreso